00593 2200181 4500001002100000005001700021035002400038040001200062082001600074090002600090130004300116245011800159260004900277300002200326650003000348850001200378990002100390YOGYA00000000009622320170420080925.0 0010-081400000095940 aYOPDYOG a352.9598235 aDEP 352.9598235 Sle L aSLEMAN [Undang-undang, peraturan, dsb] aLembaran Daerah Kabupaten Sleman nomor 2 tahun 2008 tentang perusahaan daerah Bank Perkreditan Rakyat Bank Sleman aSlemanbBagian Hukum Setda Kab. Slemanc2008 a43 hlm.c; 15 cm. aPeraturan Daerah - Sleman aYOPDYOG aCB-D.11/2008-894